000 00410nam a2200157Ia 4500
003 LK-CoDNM
008 010623t1999 xxu||||| |||| 00| 1 eng d
040 _aLK-CoDNM
_dLK-CoDNM
_eLK-CoDNM
041 _aeng
080 _a32
_bMAN
100 _aManivasagar,A.V
245 _aEducation - Politics Syndrome
260 _bSouth Asian Social Science Trust
_aIndia
_c1999
300 _b136p.;21 cm cm
942 _cBK
999 _c119321
_d119321